000 01551cam a2200421 i 4500
001 19544953
003 OSt
005 20231204111321.0
008 170121t20172017ii a b 001 0 eng d
010 _a 2016363095
020 _a9789386296993 (hardback)
020 _a9386296993
025 _aI-E-2016363095; 95-13
035 _a(OCoLC)ocn969755817
035 _a(OCoLC)969755817
037 _bLibrary of Congress -- New Delhi Overseas Office
040 _aDKAGE
_beng
_cDKAGE
_erda
_dOCLCO
_dOCLCF
_dDLC
042 _alccopycat
_alcode
043 _aa-ii---
050 0 0 _aLA1153
_b.N39 2017
082 0 4 _a378.54
_bKAP/N
245 0 0 _aNavigating the labyrinth :
_bperspectives on India's higher education /
_cedited by Devesh Kapur, Pratap Bhanu Mehta.
264 1 _aHyderabad, [India] :
_bOrient BlackSwan,
_c[2017]
264 4 _c©2017
300 _ax, 273 pages :
_billustrations (black and white) ;
_c23 cm
336 _atext
_btxt
_2rdacontent
337 _aunmediated
_bn
_2rdamedia
338 _avolume
_bnc
_2rdacarrier
500 _aContributed articles.
504 _aIncludes bibliographical references and index.
650 0 _aEducation, Higher
_xStandards
_zIndia.
650 0 _aHigher education and state
_zIndia.
700 1 _aKapur, Devesh,
_d1959-
_eeditor.
_99985
700 1 _aMehta, Pratap Bhanu,
_d1967-
_eeditor.
906 _a7
_bcbc
_ccopycat
_d3
_encip
_f20
_gy-gencatlg
942 _2ddc
_cBK
_h378.54
_iKAP/N
_k378.54
_mKAP/N
999 _c43883
_d43883